[Event "FRA-ch60 Championnat"]
[Site "Clermont Ferrand"]
[Date "1985.08.23"]
[Round "7"]
[White "Roos, Daniel"]
[Black "Andruet, Gilles"]
[Result "1/2-1/2"]
[WhiteElo "2325"]
[BlackElo "2395"]
[Annotator "Villeneuve,A/Primel,D"]
[PlyCount "82"]
[EventDate "1985.08.17"]
[EventType "swiss"]
[EventRounds "13"]
[EventCountry "FRA"]
[SourceTitle "EXT 2004"]
[Source "ChessBase"]
[SourceDate "2003.11.25"]
[SourceVersion "1"]
[SourceVersionDate "2003.11.25"]
[SourceQuality "1"]

1. Nf3 Nf6 2. g3 b6 3. Bg2 Bb7 4. O-O e6 (4... c5 5. c4 g6 {l'alternative qui
mène au double fianchetto utilisé lors du match Karpov-Kasparov dans les
années 80}) 5. c4 Be7 6. b3 (6. Nc3 $142 c5 7. d4 (7. Re1 {[%cal Ge2e4]}) 7...
cxd4 8. Qxd4 {la grande variante du hérisson}) 6... O-O 7. Bb2 d5 8. d3 {
Une ligne assez peu ambitieuse} (8. e3 $142 $1 {[%cal Gd1e2] plus souple} c5 (
8... Nbd7 9. Qe2 a5 {[%cal Ga5a4];Botvinnik,M-Stahlberg,G Alekhine mem 1956 1-0
}) 9. Nc3 Nc6 10. cxd5 Nxd5 11. Nxd5 Qxd5 12. d4 $14) (8. cxd5 Nxd5 9. d4 (9.
Na3 c5 10. d3 Nc6 11. Nc4 Bf6 $11) 9... Nd7 10. Nc3 c5 11. Nxd5 Bxd5 $11) (8.
Ne5 $5 {[%cal Ge5b7]} Nbd7 (8... Qc8 $5 9. d3 dxc4 10. Nxc4 Bxg2 11. Kxg2 Qb7+
12. e4 c5 13. Qe2 Rd8 14. Nbd2 Nc6 15. Nf3 Nb4 16. Rad1 Rac8 (16... Nxa2 17.
Bxf6) 17. a3 Nc6) 9. d4 c5 10. Nc3 cxd4 11. Qxd4 Bc5 12. Qf4 Bd6 $6 (12... Nxe5
$142) 13. Nxf7 $3 Bxf4 14. Nxd8 Raxd8 15. gxf4 $16 {Spiridonov,N (2490)
-Szekely,P (2460) Budapest Tungsram 1976 1/2}) 8... c5 $11 {[%tqu "En","Les
blancs disposent de plusieurs alternatives de même valeur qui ne donnent que
l'égalité et les noirs ont une position solide. Comment essayer de prendre
l'initiative?","","","e2e4","Les alternatives а 9.Ne5 ne donnent que l'égalité
mais ce gambit nouveau 9.e4 mérite peut-être un essai.",50]} 9. Ne5 $6 {
[%cal Gg2b7] Trop lent} (9. e4 $5 $146 {Ce gambit nouveau 9.e4 mérite
peut-être un essai car les blancs ont beaucoup de compensations Dans les
variantes analysées et malgré le P supplémentaire, les noirs n'arrivent pas а
prendre l'avantage alors qu'à la moindre faute, l'initiative des blancs donne
des chances pratiques. Au pire, les blancs ont l'égalité tout en gardant une
petite initiative et cela donne une partie agréable а jouer.} dxe4 10. dxe4
Nxe4 $1 {Probablement le meilleur mais les blancs ont le temps de jouer Qe2
suivi de Rd1 avec gain de temps sur la Q adverse} (10... Qxd1 $143 {il est
naturel de vouloir échanger les Q avec un P supplémentaire mais les blancs
vont avoir une lègère avance de de développement et une initiative persistante.
} 11. Rxd1 Nxe4 12. Na3 {[%cal Ga3b5]} Bf6 (12... Nd6 $5 {[%cal Gd6b7]} 13. Be5
Nf5 14. Nb5 a6 (14... Bf6 15. Bxf6 gxf6 16. Nc7) (14... Nc6 15. Rd7 Nxe5 16.
Rxb7 Nc6 17. g4 Nd6 18. Nxd6 Bxd6 19. Ng5 (19. Rd1) 19... Ne5 20. f4 $1 Nd3 (
20... Nxg4 21. Rxf7 $1 {[%cal Gg2a8]})) 15. Nd6 Nxd6 16. Bxd6 Bxd6 (16... Bf6)
17. Rxd6 {[%csl Rb6]} Nc6 18. Rd7 $36 Rab8 19. Rad1 Rfd8 20. Ne5 $1 Nd4 21.
Rxf7 Ne2+ 22. Kf1 Nxg3+ 23. Ke1 Rxd1+ 24. Kxd1 Bxg2 25. hxg3 Rf8 26. Rxf8+ Kxf8
27. f3 {[%csl Rg2][%cal Gd1e2]} h5 28. Ke2 Bh3 29. g4 $1 hxg4 30. fxg4 Ke7 31.
Kf3 Bf1 32. Kf2 Kd6 33. Nf7+ {Avec répétition de coups!}) 13. Bxf6 Nxf6 14. Ne5
$1 $32 {[%csl Ge5]} Bxg2 15. Kxg2 Na6 16. Nb5 $44 Rfd8 17. Nc6 Rxd1 18. Rxd1
Nb4 19. Nc7 $1 Rf8 20. Nxb4 cxb4 21. Na6 $14 {[%csl Gd1][%cal Gg2f3,Ga6b4]
Récupère le P tout en donnant une finale avantageuse aux blancs Les blancs ont
des facteurs favorables: -Une majorité а l'aile-dame. -Une R active -Un K
centralisé}) (10... Bxe4 11. Nc3 Bb7 (11... Qxd1 12. Raxd1 $32) 12. Qe2 {
[%cal Ga1d1]} Nbd7 13. Rfd1 (13. Rad1 a6 {[%cal Gd8c7]} 14. Ne5 Bxg2 15. Kxg2
Qc7 16. Nxd7 Nxd7 17. Ne4 $1 {[%csl Gb2,Rg7][%cal Ge2g4]} Qc6 18. Qg4 (18. Qf3
Rac8) 18... g6 {[%cal Gf7f5,Gc6g2]} 19. Qf3 Rac8 $2 20. Rxd7 $1 Qxd7 21. Qf6 $3
) 13... a6 (13... Qc7 14. Nb5) 14. Rd3 (14. Bc1 $5 {Une manoeuvre pour
recycler le B en f4, également utilisée sur la variante du hérisson} Qc7 (14...
Qc8 15. a4 Qc6 16. Bf4 Rad8 17. Ne1 Qc8 18. Bxb7 Qxb7 19. Qf3 Qxf3 20. Nxf3 h6
21. a5 $1 bxa5 22. Rxa5 {[%csl Ra6,Gf4]} g5 23. Bc7 Rc8 24. Bd6 Bxd6 25. Rxd6
$36) 15. Bf4 $1) (14. a4 $143 $5 Qc7 15. Bc1 (15. h3 Rad8 16. g4) 15... Bd6 16.
Ra2 Rad8 17. Rad2) 14... Qc7 15. Rad1 Rad8) (10... Qc7 11. e5 Nfd7 (11... Ng4
12. Qe2 Nd7 13. h3) 12. Qe2 Nc6 13. Rd1 (13. Na3 a6) 13... a6 14. Nc3 $1 Rad8
15. Nd5 $3 {[%cal Gc4d5]} (15. Rd2 $2 Ndxe5) (15. Rac1 $143 Nd4 16. Nxd4 cxd4
17. Rxd4 Bxg2 18. Kxg2 Nxe5 19. Rcd1 Rxd4 20. Rxd4 Qc6+ 21. f3) 15... exd5 16.
cxd5 $40 {les noirs doivent redonner la pièce mais les blancs gardent l'attaque
} Ncxe5 17. Nxe5 Nxe5 18. Bxe5 Bd6 19. Bc3 Rfe8 20. Qg4 Bf8 21. Re1 $1 Rxe1+ (
21... Qd6 {la Q est une "mauvaise bloqueuse"} 22. Qf5) 22. Rxe1 Bxd5 23. Bxg7
$3 Bxg7 24. Bxd5 Qd7 25. Qxd7 Rxd7 26. Re8+ Bf8 27. Be4 {[%cal Ge4h7]} Rd2 28.
a4 Rb2 29. Bd5 $14) 11. Qe2 Qc7 $1 {La ligne critique du gambit car les
compensations des blancs semblent un peu insuffisantes mais sur l'échiquier,
les noirs peuvent se tromper.} 12. Be5 $1 (12. Rd1 Nd6 $1 (12... Nd7 $143 $6
13. Rxd7 $1 Qxd7 14. Ne5 {[%cal Ge5d7,Gg2e4]}) 13. Nc3 (13. Be5 Nc6 14. Bf4) (
13. h4 Nc6 14. h5 Nf5) 13... Rd8 $1 (13... Bf6 14. Nb5 Nxb5 15. Bxf6 gxf6 16.
cxb5 Nd7 17. Qd2 {[%cal Gd2d7,Gd2h6]} Rfd8 18. Qh6 Bd5) 14. Rd2 (14. Nb5 Nxb5
15. cxb5 {[%csl Gc6]} Nd7) 14... Nc6 15. Re1) (12. Nc3 Nxc3 13. Bxc3 Nc6 (13...
Nd7) 14. Rad1 Rad8 15. Qb2 f6) (12. Ne5 Nd6 13. Nc3 Bxg2 14. Kxg2 Nc6 15. Nb5
Nxb5 16. cxb5 Nxe5 17. Bxe5 Bd6 18. Bc3 Rad8 19. Rfd1) (12. Na3 Nd6 13. Nb5
Nxb5 14. cxb5 {[%csl Rc6]} Nd7) (12. Nh4 $6 Nd6 (12... Bxh4 13. Bxe4 Bxe4 14.
Qxe4 Be7 15. Nc3 (15. Na3)) 13. Qg4 g6 14. Nf3 f5 15. Qf4 {[%cal Gf4c7]}) 12...
Bd6 (12... Qc6 13. Qb2 Nf6 14. Na3 Nbd7 15. Bc3 Rad8 16. Rad1) (12... Nd6 13.
Nc3 a6 (13... Nd7 $2 14. Nb5)) 13. Bb2 Nd7 14. Nc3 Nxc3 15. Bxc3 Rad8 16. Rfe1
(16. Rad1 Be7 $15) 16... Be7 17. Rad1 Rfe8 (17... Bf6 18. Bxf6 Nxf6)) 9... Nc6
(9... Nbd7 10. Nd2 Nxe5 11. Bxe5 Nd7 12. Bb2 Bf6 $11) 10. Nxc6 Bxc6 11. Nd2
$146 ({RR} 11. Nc3 Rc8 12. cxd5 Nxd5 13. Ne4 Nf6 14. Qc2 Nxe4 15. dxe4 Qc7 16.
f4 Rfd8 17. g4 Qd7 18. Bc3 Bf6 19. e5 Bxg2 20. Kxg2 Be7 21. f5 Qc6+ 22. Kg1 c4
23. b4 Bg5 24. Rf3 Qd5 25. Raf1 Bd2 {Rojas Sepulveda,E-Saleh,N/Sharjah 1985/
EXT 2000/1-0}) 11... Qc7 12. cxd5 Bxd5 (12... Nxd5 13. Rc1 {[%cal Gc1c7]} Qb7
14. Nc4) 13. Rc1 Bxg2 14. Kxg2 Rfd8 $132 15. Qc2 Nd5 16. Kg1 Nb4 17. Qb1 Nc6 {
[%csl Gd4]} 18. Qa1 {[%csl Rg7]} f6 19. Nf3 e5 $11 20. Qb1 (20. Nd2 Rac8 21. f4
(21. Nc4)) 20... Qd7 21. Qc2 Kh8 22. Qc4 Bf8 23. Rfd1 Nd4 24. Nxd4 exd4 {
[%csl Re2]} 25. e4 $1 dxe3 26. fxe3 Re8 27. Re1 Rad8 28. Rcd1 {Le matériel est
insuffisant pour donner un avantage а un des deux cotés.} Qh3 $132 29. Qf4 Re7
30. Qf3 Rde8 31. Re2 Qh6 32. e4 Qg6 33. Kg2 Re6 34. Rf2 Bd6 35. Qf5 Qf7 36. Qd5
Qe7 37. Rf5 Rd8 38. Qc4 Qe8 39. Rdf1 Qe7 40. Qa6 Bb8 41. R5f3 Qe8 {[%mdl 520]}
1/2-1/2

[Event "Bonn GSK"]
[Site "Bonn"]
[Date "1994.??.??"]
[Round "5"]
[White "Kengis, Edvins"]
[Black "Rozentalis, Eduardas"]
[Result "1/2-1/2"]
[WhiteElo "2565"]
[BlackElo "2605"]
[Annotator "Von Gleich,A"]
[PlyCount "70"]
[EventDate "1994.??.??"]
[EventType "tourn"]
[EventRounds "9"]
[EventCountry "GER"]
[EventCategory "12"]
[SourceTitle "CBM 040"]
[Source "ChessBase"]
[SourceDate "1994.06.01"]
[SourceVersion "1"]
[SourceVersionDate "1994.06.01"]
[SourceQuality "1"]

1. Nf3 {Ribli} Nf6 2. g3 b6 3. Bg2 Bb7 4. c4 e6 5. O-O Be7 6. b3 O-O 7. Bb2 d5
8. e3 c5 9. Nc3 Nbd7 10. Qe2 (10. Rc1 {Ribli} Rc8 11. d3 Qc7 $10 {Fauland,
A-Ribli,Z/EUCup/1993/EXP36/}) 10... Qc7 (10... Rc8 $5 {Ribli} 11. Rfd1 Qc7 12.
Rac1 Qb8 $10 {Psakhis,L-Huebner,R/Baden Baden/1992/CBM33/}) 11. cxd5 (11. Rac1
$5 {Ribli} Rad8 $13 {Maus,So-Bischoff,K/Hamburg SKA/1991/CBM24/} (11... Rac8 $6
12. cxd5 exd5 13. d4 $14 {Kortschnoj,V-Adianto,U/Novi Sad ol/1990/INF50,09/}))
11... Nxd5 12. Nxd5 Bxd5 (12... exd5 13. Rfc1 a5 14. a4 Ba6 15. Qd1 Bd3 16. Ne1
Be4 17. d4) 13. e4 Bb7 14. d4 Nf6 (14... Rad8 {Ribli} 15. Rad1 Rfe8 16. Rfe1
Qb8 17. a3 $14) 15. dxc5 Bxc5 (15... Nxe4 16. c6 Qxc6 17. Rac1 (17. Nd4 Nc3 18.
Bxc6 Nxe2+ 19. Nxe2 Bxc6) (17. Ne5 Nc3 18. Bxc6 Nxe2+ 19. Kg2 Bxc6+ 20. Nxc6
Bf6 $17) 17... Qe8 18. Ne5 Nd6 19. Bxb7 Nxb7 20. Rc7 $44) (15... Qxc5 $2 {Ribli
} 16. Rac1 Qh5 17. Rc7 $18) 16. Bxf6 (16. Rac1 $6 Qe7 $15) 16... gxf6 17. e5 f5
(17... Bxf3 {Ribli} 18. Qxf3 Qxe5 19. Qg4+ Qg5 20. Qxg5+ fxg5 21. Bxa8 Rxa8 22.
Rfd1 $16) 18. Rac1 Qe7 19. Ne1 Rad8 20. Bxb7 Qxb7 21. Nd3 Be7 (21... Qa6 22.
Rc4 $1 {/\ Nc5, Rg4}) 22. Nf4 Rd4 23. Rfd1 (23. Nh5 Rfd8 24. Qe3 (24. Nf6+ Bxf6
25. exf6 Qe4 26. Qxe4 fxe4 27. Rc7 R4d7 28. Rfc1 h5 29. Rxd7 Rxd7 30. Rc8+ Kh7
31. Re8 Kg6 32. Re7 Rd2) 24... Qe4 25. Qh6 Qg4) 23... Re4 24. Qb5 a6 (24... Bg5
25. Rd7 Qa8 26. Qc6 Qxc6 27. Rxc6 $10) 25. Qc6 Qxc6 26. Rxc6 Bc5 27. Rd7 Rxe5
28. Nd3 Re4 29. Nxc5 bxc5 30. Rxc5 Re2 31. a4 (31. Ra5 {Ribli} Rc8 $132) 31...
Rb2 32. Rc3 a5 33. Kg2 Rb8 34. Rcc7 Rf8 35. Rb7 Kg7 1/2-1/2

[Event "WchT 11th"]
[Site "Khanty-Mansiysk"]
[Date "2017.06.17"]
[Round "1.1"]
[White "Vidit, Santosh Gujrathi"]
[Black "Wojtaszek, Radoslaw"]
[Result "1-0"]
[WhiteElo "2692"]
[BlackElo "2730"]
[Annotator "Yermolinsky,A"]
[PlyCount "53"]
[EventDate "2017.06.17"]
[EventType "team-tourn"]
[EventRounds "9"]
[EventCountry "RUS"]
[SourceTitle "CBM 179"]
[Source "ChessBase"]
[SourceDate "2017.07.12"]
[SourceVersion "1"]
[SourceVersionDate "2017.07.12"]
[SourceQuality "1"]
[WhiteTeam "India"]
[BlackTeam "Poland"]
[WhiteTeamCountry "IND"]
[BlackTeamCountry "POL"]

1. Nf3 d5 2. g3 Nf6 3. Bg2 e6 4. O-O Be7 5. c4 O-O 6. Ne5 $5 {An interesting
move designed to avoid all dxc4 lines.} c5 ({In the recent online blitz game
Giri-So, chess.com 2017 White was able to drag his opponent into a different
setup:} 6... Nbd7 7. d4 c6 8. Nc3 Nxe5 9. dxe5 Nd7 10. cxd5 exd5 11. f4 {
while the position in question is rather unclear, Anish was able to prevail.})
7. cxd5 exd5 8. e3 (8. d4 {leads to a Tarrasch Defence structure, where White
cannot maintain a blockade on d4 because his knight is out of position.
Nevertheless, Black must stay active, e.g.} Nc6 9. Nxc6 bxc6 10. dxc5 Bxc5 11.
Qc2 Bb6 $1 (11... Qb6 12. Nc3 $14) 12. Qxc6 Be6 13. Nc3 Rc8 14. Qa4 d4 15. Ne4
Bg4 $44) 8... Qd6 $6 {Very academic.} ({Rado must have felt uneasy about his
pawn structure after} 8... Nc6 9. Nxc6 bxc6 10. d3 {but he would have had
plenty of chances elsewhere. A good start is} h5 $5) 9. d4 cxd4 ({Once again,
a more dynamic choice would have been} 9... Nc6 10. Nxc6 bxc6 11. dxc5 Qxc5 12.
b3 Qa5 13. Bb2 Bf5) 10. exd4 Be6 $14 11. Nc3 Qb6 12. Re1 $1 {One of these
little moves that make a huge difference.} ({The immediate} 12. Na4 {would
allow} Qb5 13. Re1 Bb4) 12... Nc6 13. Na4 Qd8 (13... Qa6 14. Bf1 {was Vidit's
idea.}) 14. Nxc6 bxc6 15. Bf4 $14 Re8 (15... Ne4 $5 16. Rc1 Rc8 17. f3 Ng5) 16.
Rc1 Bd7 $6 {Soon Rado will be reduced to a pathetic sequence of bishop moves.}
({Perhaps he'd be better off conceding the loss of his dark-squared bishop with
} 16... Qd7 {as} 17. Qc2 Bh3 18. Nc5 Bxc5 19. Qxc5 Bxg2 20. Kxg2 Rxe1 21. Rxe1
Ne4 {offers counterchances.}) 17. Nc5 Bf5 18. Re5 $1 Bc8 ({For better or worse,
} 18... Bxc5 19. Rxf5 Bd6 20. Rxc6 Bxf4 21. Rxf4 {although White enjoys a
sizeable advantage here.}) 19. Qa4 Bd7 (19... Bxc5 20. Qxc6) 20. Nxd7 $1 {
Played with no prejudice. The c6-pawn will fall.} Nxd7 21. Re2 $18 g5 22. Bd2
Nb6 23. Qxc6 Rc8 24. Qh6 Rxc1+ 25. Bxc1 f6 26. Bh3 Bf8 27. Rxe8 {The young
Indian star has certainly shown some serious positional chops today.} (27. Rxe8
Qxe8 28. Qxf6 Qe1+ 29. Kg2 Qxc1 30. Be6#) 1-0

[Event "USA-ch Seniors 50"]
[Site "Saint Louis"]
[Date "2019.07.18"]
[Round "7"]
[White "Kaidanov, Gregory S"]
[Black "Goldin, Alexander"]
[Result "1-0"]
[WhiteElo "2544"]
[BlackElo "2540"]
[Annotator "Yermolinsky,Alex "]
[PlyCount "103"]
[EventDate "2019.07.11"]
[EventType "tourn"]
[EventRounds "9"]
[EventCountry "USA"]
[EventCategory "11"]
[SourceTitle "CBM 191 Extra"]
[Source "ChessBase"]
[SourceDate "2019.09.30"]
[SourceVersion "1"]
[SourceVersionDate "2019.09.30"]
[SourceQuality "1"]

{[%evp 0,103,25,18,27,-24,-21,-15,9,9,24,12,25,-13,3,8,2,-15,-3,8,-10,2,-5,2,
22,-11,-6,5,13,5,-3,8,3,-3,0,-4,2,5,4,26,30,22,23,-9,7,67,50,77,69,73,127,157,
195,197,187,185,199,201,194,203,176,184,202,207,208,196,215,217,218,224,228,
162,170,161,172,141,303,307,284,304,501,497,508,325,339,341,341,264,288,315,
310,352,354,378,323,323,348,359,366,365,359,380,401,381,491,508]} 1. Nf3 Nf6 2.
g3 d5 3. Bg2 e6 4. O-O b6 {I find this move order a bit suspect.} 5. c4 Bb7 6.
b3 {Obviously, this was Kaidanov's game plan.} ({However, there's something to
be said in favor of the direct} 6. cxd5 Nxd5 (6... exd5 7. d4 {leads to a QID/
Catalan hybrid White should be happy with.}) 7. d4 Be7 8. Nc3 O-O (8... Nxc3 9.
bxc3 Be4 10. Qa4+ c6 11. Ne5 $14) 9. Nxd5 Bxd5 10. Qc2) 6... Be7 7. Bb2 O-O 8.
e3 c5 9. Nc3 dxc4 {An old recommendation by Spassky.} ({The alternative} 9...
Nc6 {often leads Black to difficult positions, e.g.} 10. cxd5 Nxd5 11. Nxd5
Qxd5 (11... exd5 12. d4) 12. d4 Rad8 $2 (12... Qf5 $142 13. dxc5 Rad8 14. Qe2
Bxc5 $14) 13. Ne5 Qd6 (13... Qxg2+ $5 14. Kxg2 Nxe5+ 15. f3 cxd4 16. exd4 Nc6 {
Ehlvest-Nakamura, 2009}) 14. dxc5 Qxc5 15. Nd7 Qg5 16. h4 Qh6 17. Rc1 $18) 10.
bxc4 Nc6 11. Qe2 Qc7 {[#]} 12. Ne1 $5 {The beginning of an aggressive plan of
K-side expansion.} ({White can also play for the hanging pawns:} 12. Rfd1 Rfd8
13. Rac1 a6 $1 ({but not} 13... Rac8 14. d4 Na5 15. Nb5 $1 {
Damljanovic-Yermolinsky, Moscow Ol 1994}) 14. d4 Na5 $13) 12... Rfd8 $6 {
Perhaps, not the most accurate.} (12... a6 13. f4 Na7 $1 {Black aims for
counterplay with b6-b5.} 14. Nf3 (14. a4 Bxg2 15. Qxg2 Nc6 {and Black gains
the b4-square.}) (14. Rb1 Bxg2 15. Nxg2 b5 {Caruana-Aronian, 2016}) 14... b5)
13. f4 Nb4 14. a3 Bxg2 15. Qxg2 Nc6 16. g4 {[#] Black has wasted some time on
the knight moves, and now has to think defence.} Ne8 17. d3 a6 18. f5 Bg5 19.
Kh1 $1 Nd6 (19... Bxe3 20. fxe6 fxe6 21. Qe4) 20. Nf3 Bf6 (20... Bxe3 21. fxe6
fxe6 22. Qe2 Bd4 23. Qxe6+ Qf7 24. Nxd4 Nxd4 25. Qd5 Qxd5+ 26. Nxd5 $36) 21. e4
Ne8 ({The critical line was} 21... b5 22. fxe6 fxe6 23. g5 Bxc3 24. Bxc3 {
and now} bxc4 {can be answered with} 25. g6) 22. fxe6 fxe6 {[#]} 23. e5 $1 {
An excellent attacking move. White clears out the key e4-square.} Bxe5 (23...
Nxe5 24. g5 Nxf3 25. Qxf3 {looking to mate on f8.}) 24. Ng5 Nd4 $2 {Most
likely loses by force.} ({On} 24... Qd7 {Greg was planning} 25. Nf7 Rdc8 26.
Ne4 Bxb2 27. Qxb2 Qxd3 28. Rae1 h6 29. g5) 25. Nce4 h6 26. Bxd4 hxg5 (26...
Bxd4 27. Rf8+ Kxf8 28. Nxe6+) 27. Bxe5 Qxe5 28. Rae1 {[#] Black is unable to
regain coordination for his pieces.} Ra7 29. Nf6+ Qxf6 30. Rxf6 Nxf6 31. Qc6
$18 Rxd3 32. Qxb6 Rf7 33. Qxe6 Rxa3 34. Rd1 g6 35. Rf1 Kg7 36. Qe5 Rd3 37. Qxc5
Rdd7 38. Qxg5 Rd4 39. h3 Rxc4 40. Qe5 Re4 41. Qc3 g5 42. Rf5 Kg6 43. Qd2 Nh7
44. Rxf7 Kxf7 45. Qd5+ Re6 46. Qf5+ Nf6 47. Qxg5 Re1+ 48. Kg2 Re2+ 49. Kf1 Rf2+
50. Ke1 Rf3 51. Qh6 Rg3 52. Qf4 1-0